000 00622nam a2200181 a 4500
001 000017149
005 20200929165032.0
008 100319s1974 dr 001 0 spa d
100 1 _aAlmanzar G., José Nicolás
_d1935-
_937769
245 1 4 _aLenguaje /
_cJosé Nicolás Almanzar G.
246 1 4 _aNociones de lenguaje
260 _aSanto Domingo :
_bOffset Cultura Dominicana,
_c1974.
300 _a113 p. ;
_c22 cm.
490 1 _aEducación de Adultos
500 _aPara el tercer nivel (5to y 6to cursos de la Educación primaria acelerada para adultos)
830 0 _aEducación de Adultos
_937770
999 _c16675
_d16675
040 _aDO-SdBNP